| 000 | 00907nam a22002897a 4500 | ||
|---|---|---|---|
| 003 | DO-SdBNP | ||
| 005 | 20180130105630.0 | ||
| 008 | 151209b 1989 sp spa 00| 0 spa d | ||
| 020 | _a8487095216 | ||
| 040 |
_aBPMSU _bspa _cBPMSU |
||
| 092 |
_axxxxx _bxxxxx |
||
| 100 | 1 |
_aIrving, Washington, _d1783-1859. |
|
| 240 | 1 | 0 |
_aThe legend of Sleepy Hollow. _lEspañol. |
| 245 |
_aLa leyenda de Sleepy Hollow / _cWashington Irving ; ilustrador por Arthur Rackhmam ; traducción de Salustiano Masó. |
||
| 260 |
_aMadrid : _bLibertarias, _c1989. |
||
| 300 |
_a78 p. : _bil. ; _c25 cm. |
||
| 490 | 1 | _aBiblioteca Siempreviva | |
| 490 | 1 |
_aLectura _v3 |
|
| 700 | 1 | 2 |
_aRackham, Arthur, _eil. |
| 700 | 1 | 2 |
_aRackham, Arthur, _etr. |
| 830 | _aBiblioteca Siempreviva | ||
| 830 |
_aLectura _n3 |
||
| 910 | _a00260 | ||
| 942 |
_2ddc _cBK |
||
| 945 | _aInventariado, 2018/ YL | ||
| 956 |
_aLorenza Pérez _b10 _cBPMSU |
||
| 999 |
_c9067 _d9067 |
||